[Event "Steinfurt Bezirksliga 1819"]
[Site "Germany"]
[Date "2019.03.30"]
[Round "9.6"]
[White "Koczy, Willibald"]
[Black "Baltes, Manfred"]
[Result "0-1"]
[WhiteElo "1466"]
[BlackElo "1557"]
[PlyCount "58"]
[EventDate "2018.09.01"]
[EventType "team-tourn"]
[EventRounds "10"]
[EventCountry "GER"]
[SourceTitle "EXT 2020"]
[Source "ChessBase"]
[SourceDate "2019.10.17"]
[SourceVersion "1"]
[SourceVersionDate "2019.10.17"]
[SourceQuality "1"]
[WhiteTeam "Ibbenbueren II"]
[BlackTeam "Steinfurt II"]
[WhiteTeamCountry "GER"]
[BlackTeamCountry "GER"]

1. e4 e6 2. d4 d5 3. e5 c5 4. c3 Qb6 5. Nf3 Nc6 6. a3 cxd4 7. cxd4 Nge7 8. Nc3 Nf5 9. Bb5 Bd7 10. Bxc6 Bxc6 11. 0-0 a5 12. g4 Ne7 13. Ng5 h6 14. Nf3 Ng6 15. Qc2 Be7 16. Be3 0-0 17. g5 hxg5 18. h3 Bb5 19. Qb3 Bxf1 20. Qxb6 Bxh3 21. Bxg5 f6 22. exf6 gxf6 23. Qxe6+ Bxe6 24. Bxf6 Rxf6 25. Ng5 Raf8 26. Re1 Bf7 27. b4 axb4 28. axb4 Rf5 29. Nxf7 R8xf7 0-1

[Event "Steinfurt Bezirksliga 1819"]
[Site "Germany"]
[Date "2018.11.03"]
[Round "3.5"]
[White "Mueller, Johanna Franziska"]
[Black "Baltes, Manfred"]
[Result "0-1"]
[WhiteElo "1482"]
[BlackElo "1557"]
[PlyCount "106"]
[EventDate "2018.09.01"]
[EventType "team-tourn"]
[EventRounds "10"]
[EventCountry "GER"]
[SourceTitle "EXT 2020"]
[Source "ChessBase"]
[SourceDate "2019.10.17"]
[SourceVersion "1"]
[SourceVersionDate "2019.10.17"]
[SourceQuality "1"]
[WhiteTeam "Emsdetten Rochade IV"]
[BlackTeam "Steinfurt II"]
[WhiteTeamCountry "GER"]
[BlackTeamCountry "GER"]

1. e4 e6 2. Nf3 d5 3. e5 c5 4. Bb5+ Bd7 5. Bxd7+ Qxd7 6. 0-0 Nc6 7. d3 Nge7 8. Nc3 a6 9. Na4 Qc7 10. Nxc5 Ng6 11. Nb3 Ncxe5 12. Nxe5 Nxe5 13. Bf4 Bd6 14. Bg3 Ng6 15. Bxd6 Qxd6 16. c4 0-0 17. c5 Qc7 18. d4 Rfc8 19. Rc1 b6 20. f3 bxc5 21. Rxc5 Qb6 22. Qc2 Rxc5 23. Qxc5 Qxc5 24. dxc5 Rc8 25. Rc1 Ne5 26. Rc3 Nc4 27. Rc2 g5 28. Kf1 Kf8 29. Ke2 Rb8 30. c6 Rb6 31. Na5 Nd6 32. c7 Nc8 33. Nc6 Ke8 34. h3 Kd7 35. Ne5+ Ke7 36. Kd3 f6 37. Nc6+ Kd6 38. Nd8 Kd7 39. b4 Rb5 40. Nc6 Rb7 41. Nb8+ Kd6 42. Nxa6 Rb6 43. Nb8 Rb7 44. Rc6+ Ke7 45. Kd4 Ra7 46. Na6 Kd7 47. b5 e5+ 48. Kc5 d4 49. Kd5 Ne7+ 50. Kc5 Nxc6 51. bxc6+ Kc8 52. Kb6 Rxa6+ 53. Kxa6 d3 0-1

[Event "Steinfurt Bezirksliga 1718"]
[Site "Germany"]
[Date "2017.11.11"]
[Round "2.7"]
[White "Roewekamp, Helmut"]
[Black "Baltes, Manfred"]
[Result "1-0"]
[WhiteElo "1655"]
[BlackElo "1556"]
[PlyCount "51"]
[EventDate "2017.09.23"]
[EventType "team-tourn"]
[EventRounds "7"]
[EventCountry "GER"]
[SourceTitle "EXT 2019"]
[Source "ChessBase"]
[SourceDate "2018.10.10"]
[SourceVersion "1"]
[SourceVersionDate "2018.10.10"]
[SourceQuality "1"]
[WhiteTeam "Reckenfeld"]
[BlackTeam "Steinfurt II"]
[WhiteTeamCountry "GER"]
[BlackTeamCountry "GER"]

1. e4 c5 2. Nf3 Nc6 3. Bc4 e6 4. c3 Nf6 5. e5 Ng4 6. d4 cxd4 7. cxd4 Bb4+ 8. Bd2 0-0 9. Nc3 d5 10. Bd3 Nxd4 11. Nxd4 Nxe5 12. Bxh7+ Kxh7 13. Qh5+ Kg8 14. Qxe5 Bd6 15. Qh5 a6 16. Nf3 f6 17. Nh4 Bd7 18. Ng6 Be8 19. Qh8+ Kf7 20. Nxf8 Bxf8 21. 0-0 Qb6 22. Rab1 Qd4 23. Rfd1 b5 24. Ne2 Qg4 25. Ng3 Bd6 26. Qh5+ 1-0

[Event "Steinfurt Bezirksliga 1617"]
[Site "Germany"]
[Date "2017.01.21"]
[Round "5.7"]
[White "Muhmann, Reinhard"]
[Black "Baltes, Manfred"]
[Result "1/2-1/2"]
[WhiteElo "1417"]
[BlackElo "1584"]
[PlyCount "42"]
[EventDate "2016.09.24"]
[EventType "team"]
[EventRounds "9"]
[EventCountry "GER"]
[SourceTitle "EXT 2018"]
[Source "ChessBase"]
[SourceDate "2017.10.13"]
[SourceVersion "1"]
[SourceVersionDate "2017.10.13"]
[SourceQuality "1"]
[WhiteTeam "Emsdetten Rochade IV"]
[BlackTeam "Steinfurt II"]
[WhiteTeamCountry "GER"]
[BlackTeamCountry "GER"]

1. d4 Nf6 2. Nf3 c5 3. dxc5 Qa5+ 4. Nc3 e6 5. g3 Bxc5 6. Bg2 0-0 7. 0-0 Nc6 8. Bd2 Qd8 9. a3 a6 10. Bf4 Nh5 11. Bd6 Bxd6 12. Qxd6 Nf6 13. Rfd1 Ne8 14. Qd3 Qe7 15. e4 d6 16. Qe3 b5 17. Nd4 Bb7 18. Nxc6 Bxc6 19. Qb6 Qb7 20. Qxb7 Bxb7 21. Rd3 f5 1/2-1/2

[Event "Steinfurt Bezirksliga 1516"]
[Site "Germany"]
[Date "2016.04.30"]
[Round "8.6"]
[White "Baltes, Manfred"]
[Black "Thomann, Henning"]
[Result "1-0"]
[WhiteElo "1616"]
[BlackElo "1149"]
[PlyCount "45"]
[EventDate "2015.09.19"]
[EventType "team-tourn"]
[EventRounds "9"]
[EventCountry "GER"]
[SourceTitle "EXT 2017"]
[Source "ChessBase"]
[SourceDate "2016.10.25"]
[SourceVersion "1"]
[SourceVersionDate "2016.10.25"]
[SourceQuality "1"]
[WhiteTeam "Steinfurt II"]
[BlackTeam "Neuenkirchen II"]
[WhiteTeamCountry "GER"]
[BlackTeamCountry "GER"]

1. e4 e5 2. Nf3 Nc6 3. d4 exd4 4. Nxd4 Nxd4 5. Qxd4 d6 6. Bc4 Be7 7. Qxg7 Be6 8. Bxe6 fxe6 9. Qxh8 Kd7 10. Qxh7 Nf6 11. Qh3 Qg8 12. Nc3 Qg7 13. Bd2 Rg8 14. g3 Nxe4 15. Nxe4 Qxb2 16. 0-0 Qxc2 17. Qh7 Qb2 18. Qxg8 d5 19. Bc3 Qc2 20. Nf6+ Kd6 21. Bb4+ c5 22. Rac1 Qxc1 23. Rxc1 1-0

[Event "Steinfurt Bezirksliga 1516"]
[Site "Germany"]
[Date "2016.01.23"]
[Round "5.6"]
[White "Roewekamp, Helmut"]
[Black "Baltes, Manfred"]
[Result "1-0"]
[WhiteElo "1597"]
[BlackElo "1616"]
[PlyCount "95"]
[EventDate "2015.09.19"]
[EventType "team-tourn"]
[EventRounds "9"]
[EventCountry "GER"]
[SourceTitle "EXT 2017"]
[Source "ChessBase"]
[SourceDate "2016.10.25"]
[SourceVersion "1"]
[SourceVersionDate "2016.10.25"]
[SourceQuality "1"]
[WhiteTeam "Reckenfeld"]
[BlackTeam "Steinfurt II"]
[WhiteTeamCountry "GER"]
[BlackTeamCountry "GER"]

1. e4 e6 2. d4 d5 3. e5 c5 4. c3 Nc6 5. Nf3 cxd4 6. cxd4 Qb6 7. Nc3 Bb4 8. Bd3 Nxd4 9. Nxd4 Bd7 10. Bc2 Qc7 11. Nf3 Bxc3+ 12. bxc3 Qxc3+ 13. Bd2 Qc4 14. Bb3 Qe4+ 15. Be3 Bb5 16. Qd4 Qxd4 17. Nxd4 Bd7 18. Rc1 Ne7 19. Kd2 Nc6 20. f4 0-0 21. Rc3 f6 22. exf6 Rxf6 23. g3 a6 24. Rhc1 Rh6 25. h4 Rg6 26. Bf2 Rf6 27. Ke2 h6 28. Nxc6 Bxc6 29. Bd4 Rf7 30. Re3 Re8 31. Bc2 Rc7 32. Bd3 Rcc8 33. Re1 Bd7 34. Kd2 Kf8 35. Bg6 Rc4 36. Be5 Rec8 37. Rc3 b5 38. Bd3 Rxc3 39. Bxc3 Kf7 40. Rc1 h5 41. Be5 Rxc1 42. Kxc1 g6 43. Kb2 a5 44. Bc7 a4 45. Kc3 Bc6 46. Be5 Bd7 47. a3 Bc8 48. Kb4 1-0

[Event "Steinfurt Bezirksliga 1213"]
[Site "Germany"]
[Date "2013.02.02"]
[Round "6.6"]
[White "Keller, Hansjuergen"]
[Black "Baltes, Manfred"]
[Result "1/2-1/2"]
[WhiteElo "1594"]
[BlackElo "1556"]
[PlyCount "47"]
[EventDate "2012.09.22"]
[EventType "team-tourn"]
[EventRounds "9"]
[EventCountry "GER"]
[SourceTitle "EXT 2015"]
[Source "ChessBase"]
[SourceDate "2014.11.20"]
[SourceVersion "1"]
[SourceVersionDate "2014.11.20"]
[SourceQuality "1"]
[WhiteTeam "Nordwalde"]
[BlackTeam "Steinfurt II"]
[WhiteTeamCountry "GER"]
[BlackTeamCountry "GER"]

1. d4 Nf6 2. c4 g6 3. Nc3 Bg7 4. e4 d6 5. Nf3 Bg4 6. Be2 0-0 7. 0-0 c5 8. Be3 Nbd7 9. h3 Bxf3 10. Bxf3 a6 11. Rc1 e5 12. dxe5 dxe5 13. Qb3 Qc7 14. Rfd1 Rfd8 15. Rd3 Nf8 16. Rcd1 Rxd3 17. Rxd3 Ne6 18. Nd5 Nxd5 19. Rxd5 Nd4 20. Qd1 Rd8 21. Bxd4 Rxd5 22. exd5 exd4 23. Qe2 Qe5 24. Qxe5 1/2-1/2

[Event "Steinfurt Bezirksliga 0809"]
[Site "Germany"]
[Date "2008.09.27"]
[Round "1.2"]
[White "Radisic, Sascha"]
[Black "Baltes, Manfred"]
[Result "1/2-1/2"]
[WhiteElo "1735"]
[BlackElo "1525"]
[PlyCount "102"]
[EventDate "2008.09.27"]
[EventType "team-tourn"]
[EventRounds "9"]
[EventCountry "GER"]
[SourceTitle "EXT 2010"]
[Source "ChessBase"]
[SourceDate "2010.11.25"]
[SourceVersion "1"]
[SourceVersionDate "2010.11.25"]
[SourceQuality "1"]
[WhiteTeam "Steinfurt II"]
[BlackTeam "Steinfurt III"]
[WhiteTeamCountry "GER"]
[BlackTeamCountry "GER"]

1. Nf3 d5 2. c4 c6 3. b3 Bf5 4. Bb2 h6 5. g3 e6 6. Bg2 Nf6 7. 0-0 Be7 8. d3 0-0 9. Nbd2 Nbd7 10. Rc1 Rc8 11. cxd5 cxd5 12. Rxc8 Qxc8 13. Qc1 Qb8 14. Qa1 Rc8 15. Rc1 Rxc1+ 16. Qxc1 Nb6 17. Be5 Qc8 18. Qxc8+ Nxc8 19. Nd4 Bg6 20. Bh3 Kf8 21. f4 Nd7 22. N2f3 Bc5 23. Bc7 Ke7 24. Ba5 Nd6 25. Kf1 f5 26. Bc3 Bh5 27. Bg2 g6 28. b4 Bb6 29. Nb3 Ne8 30. a4 a6 31. h3 Bxf3 32. Bxf3 h5 33. e4 dxe4 34. dxe4 Nd6 35. exf5 exf5 36. Nd2 Nf6 37. Be5 Nfe4 38. Bxd6+ Nxd6 39. Bd5 Bd4 40. Nf3 Bc3 41. Ne5 Kf6 42. Nd7+ Ke7 43. Nc5 Bxb4 44. Nxb7 Nxb7 45. Bxb7 a5 46. Ke2 Kf6 47. Kf3 Be1 48. g4 hxg4+ 49. hxg4 fxg4+ 50. Kxg4 Bd2 51. Be4 Bb4 1/2-1/2

[Event "Steinfurt Bezirksliga 0708"]
[Site "Germany"]
[Date "2008.04.19"]
[Round "8.2"]
[White "Terhorst, Timo"]
[Black "Baltes, Manfred"]
[Result "1-0"]
[WhiteElo "1544"]
[BlackElo "1513"]
[PlyCount "51"]
[EventDate "2007.09.22"]
[EventType "team-tourn"]
[EventRounds "9"]
[EventCountry "GER"]
[SourceTitle "EXT 2009"]
[Source "ChessBase"]
[SourceDate "2008.11.26"]
[SourceVersion "1"]
[SourceVersionDate "2008.11.26"]
[SourceQuality "1"]
[WhiteTeam "Rheine SG"]
[BlackTeam "Steinfurt III"]
[WhiteTeamCountry "GER"]
[BlackTeamCountry "GER"]

1. e4 e6 2. Nc3 d5 3. exd5 exd5 4. d4 c6 5. Nf3 Nf6 6. Bf4 Bd6 7. Qd2 0-0 8. 0-0-0 Bg4 9. Bd3 Qc7 10. Be3 Nh5 11. h3 Bxf3 12. gxf3 Bf4 13. Rdg1 f5 14. Ne2 Bxe3 15. Qxe3 f4 16. Qe6+ Qf7 17. Qh6 Nf6 18. Rxg7+ Qxg7 19. Rg1 Qxg1+ 20. Nxg1 Nbd7 21. Ne2 Rae8 22. Nxf4 Rf7 23. c4 Rg7 24. Bf5 Rge7 25. cxd5 Nxd5 26. Be6+ 1-0

[Event "Steinfurt Bezirksklasse 0607"]
[Site "Germany"]
[Date "2006.11.25"]
[Round "3.3"]
[White "Baltes, Manfred"]
[Black "Roos, Wilfried"]
[Result "1/2-1/2"]
[WhiteElo "1559"]
[BlackElo "1671"]
[PlyCount "26"]
[EventDate "2006.09.30"]
[EventType "team-tourn"]
[EventRounds "7"]
[EventCountry "GER"]
[SourceTitle "EXT 2008"]
[Source "ChessBase"]
[SourceDate "2007.11.25"]
[SourceVersion "1"]
[SourceVersionDate "2007.11.25"]
[SourceQuality "1"]
[WhiteTeam "Steinfurt III"]
[BlackTeam "Saerbeck III"]
[WhiteTeamCountry "GER"]
[BlackTeamCountry "GER"]

1. e4 c5 2. Nc3 Nc6 3. g3 g6 4. Bg2 Bg7 5. d3 d6 6. f4 Nd4 7. Nf3 Bg4 8. Nd5 Nf6 9. Ne3 Qd7 10. 0-0 Bh3 11. c3 Bxg2 12. Kxg2 Nc6 13. Rb1 Ng4 1/2-1/2

[Event "Steinfurt Bezirksliga 0405"]
[Site "Germany"]
[Date "2005.02.05"]
[Round "6.2"]
[White "Baltes, Manfred"]
[Black "Overmeyer, Juergen"]
[Result "1/2-1/2"]
[WhiteElo "1576"]
[BlackElo "1633"]
[PlyCount "59"]
[EventDate "2004.09.25"]
[EventType "team-tourn"]
[EventRounds "11"]
[EventCountry "GER"]
[SourceTitle "EXT 2006"]
[Source "ChessBase"]
[SourceDate "2005.11.24"]
[SourceVersion "1"]
[SourceVersionDate "2005.11.24"]
[SourceQuality "1"]
[WhiteTeam "Steinfurt II"]
[BlackTeam "Emsdetten Rochade III"]
[WhiteTeamCountry "GER"]
[BlackTeamCountry "GER"]

1. e4 c5 2. Nf3 Nc6 3. d4 cxd4 4. Nxd4 d6 5. c4 g6 6. Be3 Bg7 7. Nc3 Nf6 8. Be2 0-0 9. 0-0 a6 10. a3 Qc7 11. Rc1 e5 12. Nc2 Ne7 13. f3 Ne8 14. Nb4 Be6 15. Ncd5 Bxd5 16. Nxd5 Nxd5 17. Qxd5 Nf6 18. Qd2 Rfd8 19. Qb4 Rd7 20. Rfd1 Ne8 21. Rd2 Bf8 22. Qb3 Rb8 23. Bb6 Qc6 24. Rcd1 Re7 25. Rc2 Re6 26. Kh1 Ra8 27. Qe3 d5 28. exd5 Qxb6 29. Qxb6 Rxb6 30. c5 1/2-1/2

[Event "Steinfurt Bezirksliga 0304"]
[Site "Germany"]
[Date "2004.03.13"]
[Round "6.4"]
[White "Baltes, Manfred"]
[Black "Ternes, Joachim"]
[Result "1/2-1/2"]
[WhiteElo "1595"]
[BlackElo "1549"]
[PlyCount "45"]
[EventDate "2003.10.18"]
[EventType "team-tourn"]
[EventRounds "9"]
[EventCountry "GER"]
[SourceTitle "EXT 2005"]
[Source "ChessBase"]
[SourceDate "2004.11.15"]
[SourceVersion "1"]
[SourceVersionDate "2004.11.15"]
[SourceQuality "1"]
[WhiteTeam "Steinfurt II"]
[BlackTeam "Neuenkirchen II"]
[WhiteTeamCountry "GER"]
[BlackTeamCountry "GER"]

1. e4 c5 2. Nf3 Nc6 3. d4 cxd4 4. Nxd4 Nf6 5. Nc3 e5 6. Ndb5 d6 7. Nd5 Nxd5 8. exd5 Nb8 9. c4 Be7 10. Bd3 0-0 11. f4 a6 12. Nc3 f5 13. fxe5 dxe5 14. 0-0 e4 15. Bc2 Bd6 16. Be3 Qc7 17. g3 Bxg3 18. Qe2 Bd6 19. Bd4 Nd7 20. Nxe4 fxe4 21. Qxe4 Nf6 22. Qh4 b6 23. Kh1 1/2-1/2

[Event "Steinfurt Bezirksliga 0304"]
[Site "Germany"]
[Date "2004.01.24"]
[Round "4.3"]
[White "Braemik, Simon"]
[Black "Baltes, Manfred"]
[Result "1/2-1/2"]
[WhiteElo "1250"]
[BlackElo "1595"]
[PlyCount "70"]
[EventDate "2003.10.18"]
[EventType "team-tourn"]
[EventRounds "9"]
[EventCountry "GER"]
[SourceTitle "EXT 2005"]
[Source "ChessBase"]
[SourceDate "2004.11.15"]
[SourceVersion "1"]
[SourceVersionDate "2004.11.15"]
[SourceQuality "1"]
[WhiteTeam "Rheine SG"]
[BlackTeam "Steinfurt II"]
[WhiteTeamCountry "GER"]
[BlackTeamCountry "GER"]

1. d4 e6 2. c4 f5 3. Nc3 Nf6 4. Nf3 Be7 5. Qc2 0-0 6. e4 fxe4 7. Nxe4 Nxe4 8. Qxe4 d5 9. Qc2 c5 10. cxd5 exd5 11. dxc5 Bf5 12. Bd3 Bxd3 13. Qxd3 Qa5+ 14. Bd2 Qxc5 15. 0-0 Nc6 16. Rac1 Qd6 17. Rfe1 Bf6 18. Qb5 Rf7 19. Ng5 Bxg5 20. Bxg5 Nd4 21. Re8+ Rxe8 22. Qxe8+ Rf8 23. Qe3 Nc6 24. Rd1 Qd7 25. Re1 Qf5 26. Qe6+ Qxe6 27. Rxe6 Rf5 28. Bd2 Kf7 29. Re1 Re5 30. Kf1 Rxe1+ 31. Kxe1 Ke6 32. Ke2 h5 33. Kd3 b5 34. b4 g6 35. h3 Kf5 1/2-1/2

[Event "Steinfurt Bezirksliga 0203"]
[Site "Germany"]
[Date "2003.05.10"]
[Round "9.2"]
[White "Hokamp, Sascha"]
[Black "Baltes, Manfred"]
[Result "1-0"]
[WhiteElo "1813"]
[BlackElo "1619"]
[PlyCount "55"]
[EventDate "2002.09.14"]
[EventType "team-tourn"]
[EventRounds "9"]
[EventCountry "GER"]
[SourceTitle "EXT 2004"]
[Source "ChessBase"]
[SourceDate "2003.11.25"]
[SourceVersion "1"]
[SourceVersionDate "2003.11.25"]
[SourceQuality "1"]
[WhiteTeam "Reckenfeld"]
[BlackTeam "Steinfurt II"]
[WhiteTeamCountry "GER"]
[BlackTeamCountry "GER"]

1. b3 d5 2. Bb2 Nc6 3. f4 Nf6 4. Nf3 e6 5. e3 a6 6. Be2 Be7 7. 0-0 0-0 8. Kh1 Nd7 9. c4 Bf6 10. Nc3 d4 11. exd4 Nxd4 12. Ne4 Nxe2 13. Nxf6+ Nxf6 14. Qxe2 c5 15. Qe5 b6 16. Rad1 Ne8 17. d4 Qf6 18. dxc5 Qxe5 19. fxe5 bxc5 20. Ba3 f6 21. Bxc5 Rf7 22. Rd8 Bb7 23. Rfd1 Rc7 24. Rxa8 Bxa8 25. Rd8 Bxf3 26. Rxe8+ Kf7 27. Rf8+ Kg6 28. Bd6 1-0